| 000 | 01314nam0a22002891 4500 | ||
|---|---|---|---|
| 001 | rc\4382905 | ||
| 005 | 20260407122451.0 | ||
| 021 |
_aRU _b60-61563 |
||
| 035 | _a(NLR Aleph) 008548990 | ||
| 090 |
_a8394437 _c8394436 |
||
| 100 | _a20130416d1960 |||y0rusy50 ca | ||
| 101 | 0 | _arus | |
| 102 | _aRU | ||
| 105 | _ay j ||||| | ||
| 200 | 1 |
_aУчебное хозяйство школы в колхозе _e[Из опыта работы Люкской сред. школы Ижев. района] _fУдмурт. ин-т усовершенствования учителей |
|
| 210 |
_aИжевск _cУдмурт. кн. изд-во _d1960 |
||
| 215 |
_a15 с. _d20 |
||
| 300 | _aАвт. указан на 3-й с. | ||
| 606 |
_aУчебно-опытные хозяйства (с. х.) _yУдмуртская АССР _2psbo |
||
| 606 |
_aСельское хозяйство _xПрактические работы учащихся _yУдмуртская АССР _2psbo |
||
| 700 | 1 |
_aВоронцова _bА.И. |
|
| 712 | 0 | 2 |
_aУдмуртский республиканский институт усовершенствования учителей _cИжевск _3RU\NLR\AUTH\889958911 _9413987 |
| 801 | 0 |
_aRU _bNLR _gpsbo |
|
| 801 | 1 |
_aRU _bELAR _2rusmarc |
|
| 852 |
_aNLR _j60-4/11467 |
||
| 942 | _cBOOK | ||
| 980 | _aNB | ||